[Event "Skarnes Nord Odal op B"]
[Site "Skarnes"]
[Date "2013.01.18"]
[Round "1"]
[White "Ristesund, Odd"]
[Black "Hansen, Terje"]
[Result "1-0"]
[WhiteElo "1439"]
[BlackElo "1203"]
[PlyCount "125"]
[EventDate "2013.01.18"]
[EventType "swiss"]
[EventRounds "5"]
[EventCountry "NOR"]
[SourceTitle "EXT 2024"]
[Source "ChessBase"]
[SourceDate "2023.10.10"]
[SourceVersion "1"]
[SourceVersionDate "2023.10.10"]
[SourceQuality "1"]

1. e4 c6 2. c4 d5 3. exd5 cxd5 4. cxd5 Qxd5 5. Nc3 Qd8 6. d4 Nf6 7. Nf3 e6 8. Bb5+ Bd7 9. Qa4 a6 10. Bxd7+ Qxd7 11. Qd1 Be7 12. 0-0 Nc6 13. h3 0-0 14. Be3 h6 15. Qe2 Nd5 16. Nxd5 Qxd5 17. Rfd1 Bf6 18. Rd2 Rfd8 19. b3 Rd7 20. Rad1 Rad8 21. Qc4 b5 22. Qc3 Qd6 23. Qb2 Qb4 24. a3 Qd6 25. b4 Qd5 26. Qc3 Qd6 27. Kf1 Kf8 28. Ne5 Rc7 29. Nxc6 Rxc6 30. Qd3 Qd5 31. Rc2 Rdc8 32. Rc5 Rxc5 33. dxc5 Qxd3+ 34. Rxd3 Ke7 35. Rd6 Ra8 36. Ke2 Be5 37. Rd3 Rd8 38. Rb3 f5 39. f4 Bc7 40. g3 h5 41. a4 Rd5 42. axb5 axb5 43. Ra3 e5 44. Ra7 Kd7 45. fxe5 Rxe5 46. Kf3 g6 47. Bf4 Re4 48. Rxc7+ Ke8 49. Rg7 Rxb4 50. Rxg6 Rc4 51. Be3 h4 52. gxh4 Rxh4 53. Kg3 Re4 54. Bf4 Rc4 55. c6 Rc3+ 56. Kh4 Rc4 57. Kg5 Rc3 58. c7 b4 59. Rb6 b3 60. Rxb3 Rxb3 61. c8Q+ Ke7 62. Qc7+ Ke8 63. Kf6 1-0